1502 1671 1607 1430 1081 1518 1752 1379 1642 1638 1402 1464 1997 1257 1013 1387 1680 1400 1274 1808 1352 1358 1834 1764 1900 1559 1831 1704 1538 1885 1077 1067 1331 1044 1297 1962 1178 1754 1056 1488 1920 1257 1069 1579 1923 1158 1736 1758 1693 1673 1655 1641 1953 1846 1913 1965 1380 1583 1182 1056 1625 1106 1441 1428 1667 1124 1734 1154 1160 1696 1334 1906 1882 1164 1651 1169 1436 1638 1139 1010 1165 1127 1901 1587 1281 1134 1944 1329 1529 1890 1714 1457 1334 1025 1159 1280 1171 1225 1688 BCNSPRNW ULIB Ver.6.0+V

เปลี่ยนเป็นภาษาไทย

Change to English
 แสดงรายละเอียดบรรณานุกรม
  กลับหน้าหลัก

Brief Record : Get Marc (ISO 2709) : E-mail record : QR code < ปิดหน้าต่าง
LEADER : 00000nam 2200000uu 4500
001    13399124449
003     ULIB
008    150722s2557||||th 000 0 tha d
020    ^a9789744667434
060 04 ^aWF140^bด147ก
100 0  ^aดลรวี (นัฏฐกาล) ลีลารุ่งระยับ
245 10 ^aกายภาพบำบัดทรวงอกทางคลินิก =^bClinical chest physiotherapy /^cดลรวี ลีลารุ่งระยับ
246 31 ^aClinical chest physiotherapy.
250    ^aพิมพ์ครั้งที่ 3 (ฉบับปรับปรุง)
260    ^a[เชียงใหม่ :^bภาควิชากายภาพบำบัด คณะเทคนิคการแพทย์ มหาวิทยาลัยเชียงใหม่],^c2557.
300    ^a295, [7] หน้า :^bภาพประกอบ ;^c26 ซม.
650  4 ^aทางเดินอากาศหายใจ, โรค^xการฟื้นฟูสมรรถภาพ
650  4 ^aทรวงอก, โรค^xการบันทึกภาพด้วยรังสี
650  4 ^aทางเดินอากาศหายใจ, โรค^xการรักษา
650  4 ^aทางเดินอากาศหายใจ, โรค^xการวินิจฉัย
710 2  ^aมหาวิทยาลัยเชียงใหม่.^bคณเทคนิคการแพทย์.^bภาควิชากายภาพบำบัด
945    ^p200^l0^i039656
945    ^p200^l0^i039657
945    ^p200^l0^i039658
945    ^p200^l0^i039659
999    ^aเกษร โพธิ์สุวรรณ
รายการนี้ยังไม่มีแท็ก
คุณยังไม่ได้ล็อกอิน คุณสามารถมีกิจกรรมร่วมกับเว็บไซต์ได้ แต่ต้องล็อกอินก่อน ::
  ล็อกอิน

รายการสื่อสารสนเทศ

ลำดับที่ ประเภท เลขเรียก/บาร์โค้ด สถานที่ สถานะ
1. วิทยาศาสตร์การแพทย์ และสุขภาพ
วิทยาศาสตร์การแพทย์ และสุขภาพ
สถานะ=หนังสือเก่า
WF140 ด147ก ฉ.1 
  Barcode: 039656
ห้องสมุดวิทยาเขตสวรรค์ประชารักษ์
►ส่วนจัดเก็บหนังสือเก่า สปร
บนชั้น
  ขอยืม
2. วิทยาศาสตร์การแพทย์ และสุขภาพ
วิทยาศาสตร์การแพทย์ และสุขภาพ
สถานะ=หนังสือเก่า
WF140 ด147ก ฉ.2 
  Barcode: 039657
ห้องสมุดวิทยาเขตสวรรค์ประชารักษ์
►ส่วนจัดเก็บหนังสือเก่า สปร
บนชั้น
  ขอยืม
3. วิทยาศาสตร์การแพทย์ และสุขภาพ
วิทยาศาสตร์การแพทย์ และสุขภาพ
สถานะ=หนังสือเก่า
WF140 ด147ก ฉ.3 
  Barcode: 039658
ห้องสมุดวิทยาเขตสวรรค์ประชารักษ์
►ส่วนจัดเก็บหนังสือเก่า สปร
บนชั้น
  ขอยืม
4. วิทยาศาสตร์การแพทย์ และสุขภาพ
วิทยาศาสตร์การแพทย์ และสุขภาพ
สถานะ=หนังสือเก่า
WF140 ด147ก ฉ.4 
  Barcode: 039659
ห้องสมุดวิทยาเขตสวรรค์ประชารักษ์
►ส่วนจัดเก็บหนังสือเก่า สปร
บนชั้น
  ขอยืม

รายการใกล้เคียง
    ผู้แต่ง [ดลรวี (นัฏฐกาล) ลีลารุ่งระยับ]

BibComment


ยังไม่เคยถูกคอมเมนท์

คอมเมนท์ทรัพยากรรายการนี้
  คอมเมนท์: กายภาพบำบัดทรวงอ..


 Copyright 2026. Bcnsprnw @Library